<?xml version="1.0" encoding="UTF-8"?>
<record
    xmlns:xsi="http://www.w3.org/2001/XMLSchema-instance"
    xsi:schemaLocation="http://www.loc.gov/MARC21/slim http://www.loc.gov/standards/marcxml/schema/MARC21slim.xsd"
    xmlns="http://www.loc.gov/MARC21/slim">

  <leader>01205nam a22002297a 4500</leader>
  <controlfield tag="008">110815s1968    ua||||| |||| 00| 0 ara d</controlfield>
  <datafield tag="082" ind1=" " ind2=" ">
    <subfield code="2">22</subfield>
    <subfield code="a">355.021</subfield>
    <subfield code="b">&#x62E; &#x637; &#x627;</subfield>
  </datafield>
  <datafield tag="100" ind1="1" ind2=" ">
    <subfield code="9">26693</subfield>
    <subfield code="a">&#x62E;&#x637;&#x627;&#x628; &#x60C; &#x645;&#x62D;&#x645;&#x648;&#x62F; &#x634;&#x64A;&#x62A;</subfield>
  </datafield>
  <datafield tag="245" ind1=" " ind2=" ">
    <subfield code="a">&#x627;&#x644;&#x648;&#x62C;&#x64A;&#x632; &#x641;&#x649; &#x627;&#x644;&#x639;&#x633;&#x643;&#x631;&#x64A;&#x629; &#x627;&#x644;&#x625;&#x633;&#x631;&#x627;&#x626;&#x64A;&#x644;&#x64A;&#x629; /</subfield>
    <subfield code="c">&#x645;&#x62D;&#x645;&#x648;&#x62F; &#x634;&#x64A;&#x62A; &#x62E;&#x637;&#x627;&#x628;</subfield>
  </datafield>
  <datafield tag="260" ind1=" " ind2=" ">
    <subfield code="a">&#x627;&#x644;&#x642;&#x627;&#x647;&#x631;&#x629; :</subfield>
    <subfield code="b">&#x645;&#x639;&#x647;&#x62F; &#x627;&#x644;&#x628;&#x62D;&#x648;&#x62B; &#x648;&#x627;&#x644;&#x62F;&#x631;&#x627;&#x633;&#x627;&#x62A; &#x627;&#x644;&#x639;&#x631;&#x628;&#x64A;&#x629; &#x60C;</subfield>
    <subfield code="c">1968.</subfield>
  </datafield>
  <datafield tag="300" ind1=" " ind2=" ">
    <subfield code="a">256 &#x635; :</subfield>
    <subfield code="b">&#x62E;&#x631;&#x64A;&#x637;&#x629; &#x61B;</subfield>
    <subfield code="c">24 &#x633;&#x645;.</subfield>
  </datafield>
  <datafield tag="500" ind1=" " ind2=" ">
    <subfield code="a">&#x645;&#x62D;&#x627;&#x636;&#x631;&#x627;&#x62A; &#x623;&#x644;&#x642;&#x627;&#x647;&#x627; &#x627;&#x644;&#x644;&#x648;&#x627;&#x621; &#x627;&#x644;&#x631;&#x643;&#x646; &#x645;&#x62D;&#x645;&#x648;&#x62F; &#x634;&#x64A;&#x62A; &#x62E;&#x637;&#x627;&#x628; &#x639;&#x644;&#x649; &#x637;&#x644;&#x628;&#x629; &#x642;&#x633;&#x645; &#x627;&#x644;&#x628;&#x62D;&#x648;&#x62B; &#x648;&#x627;&#x644;&#x62F;&#x631;&#x627;&#x633;&#x627;&#x62A; &#x627;&#x644;&#x641;&#x644;&#x633;&#x637;&#x64A;&#x646;&#x64A;&#x629;</subfield>
  </datafield>
  <datafield tag="504" ind1=" " ind2=" ">
    <subfield code="a">&#x64A;&#x634;&#x62A;&#x645;&#x644; &#x639;&#x649; &#x625;&#x631;&#x62C;&#x627;&#x639;&#x627;&#x62A; &#x628;&#x628;&#x644;&#x64A;&#x648;&#x62C;&#x631;&#x627;&#x641;&#x64A;&#x629; 226 - 230 &#x648;&#x643;&#x634;&#x627;&#x641; &#x645;&#x646; 231 - 243</subfield>
  </datafield>
  <datafield tag="650" ind1=" " ind2=" ">
    <subfield code="9">17545</subfield>
    <subfield code="a">&#x627;&#x644;&#x639;&#x633;&#x643;&#x631;&#x64A;&#x629;</subfield>
  </datafield>
  <datafield tag="650" ind1=" " ind2=" ">
    <subfield code="9">22272</subfield>
    <subfield code="a">&#x627;&#x644;&#x633;&#x64A;&#x627;&#x633;&#x629; &#x627;&#x644;&#x639;&#x633;&#x643;&#x631;&#x64A;&#x629;</subfield>
  </datafield>
  <datafield tag="650" ind1=" " ind2=" ">
    <subfield code="9">26694</subfield>
    <subfield code="a">&#x627;&#x644;&#x62A;&#x627;&#x631;&#x64A;&#x62E; &#x627;&#x644;&#x62D;&#x631;&#x628;&#x64A;</subfield>
  </datafield>
  <datafield tag="650" ind1=" " ind2=" ">
    <subfield code="9">26695</subfield>
    <subfield code="a">&#x627;&#x644;&#x627;&#x633;&#x644;&#x62D;&#x629; &#x648;&#x627;&#x644;&#x62A;&#x633;&#x644;&#x64A;&#x62D;</subfield>
  </datafield>
  <datafield tag="650" ind1=" " ind2=" ">
    <subfield code="9">26696</subfield>
    <subfield code="a">&#x627;&#x633;&#x631;&#x627;&#x626;&#x64A;&#x644;</subfield>
    <subfield code="x">&#x633;&#x64A;&#x627;&#x633;&#x629; &#x639;&#x633;&#x643;&#x631;&#x64A;&#x629;</subfield>
  </datafield>
  <datafield tag="653" ind1=" " ind2=" ">
    <subfield code="b">General</subfield>
    <subfield code="c">August2011</subfield>
  </datafield>
  <datafield tag="942" ind1=" " ind2=" ">
    <subfield code="2">ddc</subfield>
    <subfield code="c">BB</subfield>
  </datafield>
  <datafield tag="999" ind1=" " ind2=" ">
    <subfield code="c">15826</subfield>
    <subfield code="d">15826</subfield>
  </datafield>
  <datafield tag="952" ind1=" " ind2=" ">
    <subfield code="0">0</subfield>
    <subfield code="1">0</subfield>
    <subfield code="2">ddc</subfield>
    <subfield code="4">0</subfield>
    <subfield code="7">0</subfield>
    <subfield code="8">Alef-Baa</subfield>
    <subfield code="a">MAIN</subfield>
    <subfield code="b">MAIN</subfield>
    <subfield code="c">1ST</subfield>
    <subfield code="d">2011-08-15</subfield>
    <subfield code="e">purchase</subfield>
    <subfield code="o">355.021 &#x62E; &#x637; &#x627;</subfield>
    <subfield code="p">000024538</subfield>
    <subfield code="r">2025-07-15 00:00:00</subfield>
    <subfield code="y">BB</subfield>
  </datafield>
</record>
